000 00749nam a2200205Ii 4500
003 JO-AjNU
008 230605s9999||||xx |||||||||||||| ||und||
040 _aJO-AjNU
_bara
_erda
_cJO-AjNU
041 _aara
050 1 4 _aK237.S226.1995
100 3 _a سعد ، نبيل ابراهيم ، منصور ، محمد حسين ,
_eauthor
_914756
245 0 0 _aمبادئ القانون : المدخل الى القانون -- نظرية الإلتزامات
250 _a(د،ط)
264 3 1 _aبيروت : دار النهضة العربية ، 1995
300 _a432ص
336 _atext
_btxt
_2rdacontent
337 _aunmediated
_bn
_2rdamedia
338 _avolume
_bnc
_2rdacarrier
650 4 _aالقانون -- فلسفة ونظريات
_914757
999 _aA4010
_c7578
_d7578